Подросток: Роман

Dettagli Bibliografici
Autore principale: Достоевский Ф. М. Федор Михайлович
Altri autori: Карякин Ю. Ф. (автор предисловия), Сараскина Л. И. (прочие)
Lingua:russo
Pubblicazione: Москва, Просвещение, 1988
Serie:Школьная библиотека
Soggetti:
Natura: MixedMaterials Libro
KOHA link:https://koha.lib.tpu.ru/cgi-bin/koha/opac-detail.pl?biblionumber=113331

MARC

LEADER 00000nam0a2200000 4500
001 113331
005 20231101215122.0
010 |a 5090005354 
020 |a RU  |b 88-24558 
035 |a (RuTPU)RU\TPU\book\122573 
090 |a 113331 
100 |a 20070410d1988 m a0rusy5003 ca 
101 0 |a rus 
102 |a RU 
105 |a a z 000ay 
200 1 |a Подросток  |e Роман  |f Ф. М. Достоевский  |g авт. предисл.и послесл. Ю. Ф. Карякин; примеч. Л. И. Сараскина 
210 |a Москва  |c Просвещение  |d 1988 
215 |a 510,[2] с.  |c ил.  |d 22 см 
225 1 |a Школьная библиотека 
327 0 |a В прил.: Достоевский о воспитании и самовоспитании 
610 1 |a художественная литература 
610 1 |a Россия 
610 1 |a 19 век 
675 |a Р1  |z rus  |v 3 
700 1 |a Достоевский  |b Ф. М.  |c русский писатель  |f 1821-1881  |g Федор Михайлович  |2 stltpush  |3 (RuTPU)RU\TPU\pers\1038  |9 461 
702 1 |a Карякин  |b Ю. Ф.  |4 080 
702 1 |a Сараскина  |b Л. И.  |4 570 
801 0 |a RU  |b RuMRKP  |c 19950417  |g psbo 
801 1 |a RU  |b 63413507  |c 20070410  |g PSBO 
801 2 |a RU  |b 63413507  |c 20070813  |g PSBO 
942 |c BK